[Event "24th Klatovy B 2016"]
[Site "Klatovy CZE"]
[Date "2016.07.10"]
[Round "9.15"]
[White "Simacek, Vaclav"]
[Black "Pravda, Krystof"]
[Result "1/2-1/2"]
[WhiteElo "1876"]
[BlackElo "1669"]
[PlyCount "131"]
[EventDate "2016.07.02"]
[EventType "swiss"]
[EventRounds "9"]
[EventCountry "CZE"]

1. e4 e5 2. Nc3 Nc6 3. f4 exf4 4. Nf3 g5 5. h4 g4 6. Ng5 h6 7. Nxf7 Kxf7 8. Bc4+ d5 9. Bxd5+ Kg7 10. d4 Be7 11. Bxf4 Bxh4+ 12. g3 Bg5 13. O-O Nf6 14. Qd2 Bxf4 15. Rxf4 Ne7 16. Bc4 Ng6 17. Rf2 Rf8 18. Raf1 c5 19. e5 Nh7 20. Rf7+ Kh8 21. Rxf8+ Ngxf8 22. d5 Ng5 23. Kg2 Bd7 24. Rf6 Kg7 25. Qf4 b5 26. Bd3 c4 27. Bf5 Bxf5 28. Qxf5 b4 29. Rd6 Qe7 30. Ne2 Re8 31. Nf4 Qxe5 32. Qxe5+ Rxe5 33. Rc6 a5 34. Rxc4 Nh3 35. d6 Nxf4+ 36. gxf4 Rd5 37. Rc6 Ne6 38. Kg3 h5 39. d7 Nd4 40. Rc5 Rxd7 41. Rxh5 Nxc2 42. Rxa5 Rb7 43. Kxg4 Ne3+ 44. Kf3 Nc4 45. Rg5+ Kf6 46. b3 Nd2+ 47. Ke3 Nb1 48. Ra5 Na3 49. Kd4 Rh7 50. Kc5 Nc2 51. Kc4 Rh4 52. a4 Rxf4+ 53. Kc5 Na1 54. Ra8 Nxb3+ 55. Kb5 Ke7 56. a5 Kd7 57. Ka4 Nc5+ 58. Kb5 Ne6 59. Ka4 Kc7 60. a6 Nc5+ 61. Kb5 Ne6 62. Ra7+ Kb8 63. Rb7+ Kc8 64. Ka5 Nd8 65. Rb6 Rf1 66. Kxb4 1/2-1/2

[Event "24th Klatovy B 2016"]
[Site "Klatovy CZE"]
[Date "2016.07.10"]
[Round "9.16"]
[White "Micka, Norbert"]
[Black "Maly, Jiri"]
[Result "1-0"]
[WhiteElo "1848"]
[BlackElo "1657"]
[PlyCount "117"]
[EventDate "2016.07.02"]
[EventType "swiss"]
[EventRounds "9"]
[EventCountry "CZE"]

1. Nf3 d5 2. d4 Nf6 3. c4 e6 4. g3 Be7 5. Bg2 O-O 6. O-O c5 7. cxd5 Nxd5 8. e4 Nb6 9. Nc3 cxd4 10. Nxd4 Bc5 11. Nb3 Be7 12. Qe2 Nc6 13. Rd1 Qc7 14. Be3 a6 15. f4 e5 16. Nd5 Nxd5 17. exd5 Nd4 18. Nxd4 exd4 19. Bxd4 Bd6 20. Rac1 Qa5 21. a3 Bd7 22. Qd2 Qxd2 23. Rxd2 Rfe8 24. Kf2 h5 25. Bc5 Rac8 26. Rdc2 Bf5 27. Rc3 Bxc5+ 28. Rxc5 Kf8 29. Rxc8 Rxc8 30. Rxc8+ Bxc8 31. d6 f6 32. Ke3 Ke8 33. Kd4 b6 34. Bc6+ Kd8 35. b4 Be6 36. a4 Bc8 37. a5 bxa5 38. bxa5 Bh3 39. Kc5 g5 40. fxg5 fxg5 41. Kb6 Bf1 42. h4 gxh4 43. gxh4 Be2 44. Kc5 Bd1 45. Bg2 Be2 46. Be4 Kd7 47. Bf5+ Kd8 48. Kd4 Bb5 49. Ke5 Be2 50. Kf6 Bc4 51. Bh3 Be2 52. Bg2 Kd7 53. Ke5 Kd8 54. Kd5 Kd7 55. Be4 Kd8 56. Kc5 Kd7 57. Bb7 Kd8 58. Kb6 Kd7 59. Bxa6 1-0

[Event "24th Klatovy B 2016"]
[Site "Klatovy CZE"]
[Date "2016.07.10"]
[Round "9.17"]
[White "Pucholt, Martin"]
[Black "Parpel, Petr"]
[Result "1/2-1/2"]
[WhiteElo "1641"]
[BlackElo "1787"]
[PlyCount "101"]
[EventDate "2016.07.02"]
[EventType "swiss"]
[EventRounds "9"]
[EventCountry "CZE"]

1. e4 c5 2. Nf3 d6 3. b3 Nf6 4. Nc3 Nc6 5. Bb2 e6 6. g3 Be7 7. Bg2 a6 8. a4 O-O 9. O-O Bd7 10. Re1 Qc7 11. d3 Rac8 12. Ne2 e5 13. c4 Bg4 14. Bc3 Qd7 15. Kh1 a5 16. Rg1 b6 17. Rb1 h6 18. Re1 Nh7 19. Bd2 Ng5 20. Nxg5 hxg5 21. f3 Be6 22. g4 g6 23. Nc3 Kg7 24. Re2 Nd4 25. Rf2 Rh8 26. Bf1 Rh7 27. Ne2 Rhh8 28. Nxd4 exd4 29. Rb2 Bf6 30. Qc1 Qd8 31. Rg2 Be7 32. Be1 Bf6 33. Bg3 Be5 34. Bxe5+ dxe5 35. Rbf2 Qf6 36. Rg3 Rh4 37. Qd2 Rh7 38. Kg1 Kf8 39. Kh1 Qh8 40. Kg1 f6 41. Kh1 Kf7 42. Kg1 Qg7 43. Kh1 Qh6 44. Kg1 Bd7 45. Kh1 Bc6 46. Kg1 Rg7 47. Qe2 Ke6 48. Qd2 f5 49. gxf5+ gxf5 50. exf5+ Kxf5 51. Qe2 1/2-1/2

[Event "24th Klatovy B 2016"]
[Site "Klatovy CZE"]
[Date "2016.07.10"]
[Round "9.18"]
[White "Bartos, Karel"]
[Black "Vartazaryan, Gor"]
[Result "1/2-1/2"]
[WhiteElo "1784"]
[BlackElo "1620"]
[PlyCount "34"]
[EventDate "2016.07.02"]
[EventType "swiss"]
[EventRounds "9"]
[EventCountry "CZE"]

1. e4 c5 2. Nf3 d6 3. d4 cxd4 4. Nxd4 Nf6 5. Nc3 a6 6. Be2 e5 7. Nb3 Be7 8. Be3 Be6 9. O-O O-O 10. f4 exf4 11. Bxf4 d5 12. exd5 Nxd5 13. Nxd5 Bxd5 14. Bf3 Qb6+ 15. Kh1 Bxf3 16. Qxf3 Nc6 17. Rad1 Rad8 1/2-1/2

[Event "24th Klatovy B 2016"]
[Site "Klatovy CZE"]
[Date "2016.07.10"]
[Round "9.19"]
[White "Schille, Hannes"]
[Black "Vavrinek, Tomas"]
[Result "1/2-1/2"]
[WhiteElo "1629"]
[BlackElo "1773"]
[PlyCount "44"]
[EventDate "2016.07.02"]
[EventType "swiss"]
[EventRounds "9"]
[EventCountry "CZE"]

1. d4 d5 2. c4 e5 3. dxe5 d4 4. a3 Nc6 5. e3 Bf5 6. Nf3 dxe3 7. Qxd8+ Rxd8 8. Bxe3 Nge7 9. Nc3 Ng6 10. Nd5 Rd7 11. Be2 Ngxe5 12. Nxe5 Nxe5 13. Bf4 c6 14. Bxe5 cxd5 15. cxd5 Rxd5 16. Bc3 Bd3 17. Bxd3 Rxd3 18. O-O f6 19. Rfe1+ Kf7 20. Rad1 Rxd1 21. Rxd1 Be7 22. Kf1 Rd8 1/2-1/2

[Event "24th Klatovy B 2016"]
[Site "Klatovy CZE"]
[Date "2016.07.10"]
[Round "9.20"]
[White "Zimovcak, Zdenek"]
[Black "Cipera, Josef"]
[Result "1/2-1/2"]
[WhiteElo "1632"]
[BlackElo "1756"]
[PlyCount "67"]
[EventDate "2016.07.02"]
[EventType "swiss"]
[EventRounds "9"]
[EventCountry "CZE"]

1. e4 g6 2. Nf3 Bg7 3. Bc4 e6 4. d4 d5 5. exd5 exd5 6. Bb3 Ne7 7. h3 O-O 8. O-O c6 9. c3 Nd7 10. Bd2 Re8 11. Bc2 Nf8 12. Qc1 Bf5 13. Bxf5 Nxf5 14. Na3 Nd6 15. Bh6 Ne4 16. Bxg7 Kxg7 17. Nc2 f6 18. Ne3 Nd7 19. Re1 h5 20. Qc2 f5 21. Re2 Qf6 22. Rae1 Re6 23. Nf1 Rae8 24. a3 g5 25. N3h2 f4 26. f3 Ng3 27. Rxe6 Rxe6 28. Rxe6 Qxe6 29. Nxg3 fxg3 30. Nf1 h4 31. Qd2 Qf5 32. Ne3 Qf4 33. Kf1 Nf6 34. Ke1 1/2-1/2

[Event "24th Klatovy B 2016"]
[Site "Klatovy CZE"]
[Date "2016.07.10"]
[Round "9.21"]
[White "Nemec, Frantisek 1985"]
[Black "Spackova, Martina 1992"]
[Result "0-1"]
[WhiteElo "1614"]
[BlackElo "1731"]
[PlyCount "100"]
[EventDate "2016.07.02"]
[EventType "swiss"]
[EventRounds "9"]
[EventCountry "CZE"]

1. e4 e5 2. Nf3 Nc6 3. Bc4 Nf6 4. Nc3 Nxe4 5. Bxf7+ Kxf7 6. Nxe4 h6 7. d3 d5 8. Ng3 Bc5 9. Be3 Bb6 10. O-O Rf8 11. Bxb6 axb6 12. Qd2 Bg4 13. Ne1 g5 14. c3 Qf6 15. Nc2 Qf4 16. Ne3 Kg8 17. Qc2 Be6 18. Qe2 Qh4 19. a3 Rf7 20. Nc2 Re8 21. Nb4 Nxb4 22. axb4 Bd7 23. b3 b5 24. Ra2 g4 25. Qe3 Qf6 26. Re2 Qg6 27. Qd2 h5 28. Rfe1 Rfe7 29. c4 h4 30. Nf1 d4 31. Qd1 Bc6 32. Nd2 h3 33. Ne4 hxg2 34. Kxg2 Rh7 35. Rg1 Rxh2+ 36. Kf1 Rf8 37. Ke1 Qh5 38. Kd2 Bxe4 39. dxe4 Rfxf2 40. Rxf2 Rxf2+ 41. Kc1 Qg5+ 42. Kb1 g3 43. Qe1 Qf4 44. Qd1 g2 45. cxb5 Rf1 46. Rxg2+ Kf8 47. Rg1 Rxd1+ 48. Rxd1 Qxe4+ 49. Kc1 Qe3+ 50. Rd2 Ke7 0-1

[Event "24th Klatovy B 2016"]
[Site "Klatovy CZE"]
[Date "2016.07.10"]
[Round "9.22"]
[White "Vavrinkova, Eliska"]
[Black "Kovar, Vaclav 1953"]
[Result "1-0"]
[WhiteElo "1626"]
[BlackElo "1730"]
[PlyCount "43"]
[EventDate "2016.07.02"]
[EventType "swiss"]
[EventRounds "9"]
[EventCountry "CZE"]

1. d4 d5 2. Nf3 Nf6 3. c4 e6 4. cxd5 Qxd5 5. Nc3 Qd8 6. Bg5 Be7 7. e3 a6 8. a3 O-O 9. Bd3 b5 10. b4 Bb7 11. O-O Nbd7 12. Rc1 Nb6 13. Ne5 Nbd5 14. Nxd5 Nxd5 15. Bxe7 Qxe7 16. Qc2 Qg5 17. f4 Qh6 18. Rf3 Nxe3 19. Rxe3 Qxf4 20. Bxh7+ Kh8 21. Rh3 g6 22. Bxg6+ 1-0

[Event "24th Klatovy B 2016"]
[Site "Klatovy CZE"]
[Date "2016.07.10"]
[Round "9.23"]
[White "Sova, Zdenek"]
[Black "Krisman, Ondrej"]
[Result "1/2-1/2"]
[WhiteElo "1747"]
[BlackElo "1608"]
[PlyCount "104"]
[EventDate "2016.07.02"]
[EventType "swiss"]
[EventRounds "9"]
[EventCountry "CZE"]

1. Nf3 d5 2. d4 Nf6 3. c4 e6 4. Nc3 c5 5. e3 b6 6. cxd5 cxd4 7. exd4 Nxd5 8. Bb5+ Bd7 9. Bxd7+ Nxd7 10. Nxd5 exd5 11. O-O Be7 12. Bf4 O-O 13. Rc1 Rc8 14. Qb3 Nf6 15. Rxc8 Qxc8 16. Rc1 Qf5 17. Be5 Rc8 18. Re1 Rc4 19. h3 Bb4 20. Rf1 Ne4 21. Qa4 Bd6 22. Qxa7 Bxe5 23. dxe5 Qe6 24. Nd4 Qc8 25. Qxb6 Rc1 26. Ne2 Rc2 27. Qb5 h6 28. a4 Rc5 29. Qd3 Qb8 30. Qd4 Rc2 31. Ng3 Rd2 32. Qe3 Qxb2 33. Nxe4 Re2 34. Nf6+ gxf6 35. Qg3+ Kf8 36. exf6 Qxf6 37. Qd3 Ra2 38. Qb3 Ra1 39. Rb1 Rxb1+ 40. Qxb1 Qf4 41. a5 Qc4 42. Qb8+ Kg7 43. Qe5+ Kg8 44. Qa1 Qa6 45. Qa4 d4 46. Qe8+ Kg7 47. Qe5+ f6 48. Qc7+ Kg6 49. Qb6 Qc4 50. a6 Qc1+ 51. Kh2 Qf4+ 52. Kg1 Qc1+ 1/2-1/2

[Event "24th Klatovy B 2016"]
[Site "Klatovy CZE"]
[Date "2016.07.10"]
[Round "9.24"]
[White "Novy, Jan"]
[Black "Chmelik, Ladislav"]
[Result "1-0"]
[WhiteElo "1606"]
[BlackElo "1762"]
[PlyCount "97"]
[EventDate "2016.07.02"]
[EventType "swiss"]
[EventRounds "9"]
[EventCountry "CZE"]

1. e4 e5 2. Bc4 Bc5 3. Nf3 Nf6 4. Nc3 d6 5. d3 h6 6. Be3 Bb6 7. O-O O-O 8. h3 Nc6 9. a3 Be6 10. Nd5 Bxe3 11. fxe3 Bxd5 12. exd5 Ne7 13. e4 c6 14. dxc6 bxc6 15. Kh2 Qc7 16. Nh4 d5 17. Bb3 dxe4 18. Rxf6 gxf6 19. Qg4+ Kh8 20. Qh5 Kg7 21. Rf1 Qd6 22. dxe4 f5 23. Rxf5 Ng6 24. Qg4 Rae8 25. Nf3 Re7 26. h4 Kh7 27. g3 Nh8 28. h5 Rg8 29. Qh4 Rd7 30. Bc4 Qd1 31. Bd3 Rb8 32. b4 c5 33. Qg4 Rxd3 34. cxd3 Qc2+ 35. Kh1 cxb4 36. Nxe5 Qc1+ 37. Kh2 Qd2+ 38. Kh3 Rg8 39. Rxf7+ Nxf7 40. Qf5+ Kh8 41. Nxf7+ Kg7 42. axb4 Qxd3 43. Ne5 Qb3 44. Qg6+ Kf8 45. Qf6+ Ke8 46. Qc6+ Kf8 47. Qxh6+ Ke7 48. Qh7+ Kd6 49. Nf7+ 1-0

[Event "24th Klatovy B 2016"]
[Site "Klatovy CZE"]
[Date "2016.07.10"]
[Round "9.25"]
[White "Rimovsky, Pavel"]
[Black "Sroub, Jaroslav"]
[Result "1/2-1/2"]
[WhiteElo "1593"]
[BlackElo "1730"]
[PlyCount "41"]
[EventDate "2016.07.02"]
[EventType "swiss"]
[EventRounds "9"]
[EventCountry "CZE"]

1. Nf3 b6 2. d4 Bb7 3. e3 e6 4. Bd3 Nf6 5. O-O c5 6. c4 d5 7. cxd5 Nxd5 8. Bb5+ Bc6 9. Bxc6+ Nxc6 10. Qa4 Qd7 11. Re1 Nb8 12. Qb3 Qc7 13. Nc3 Nxc3 14. Qxc3 Nd7 15. b3 O-O-O 16. Bb2 Nf6 17. Rac1 Kb7 18. Qc4 Rc8 19. Qd3 Qd8 20. Qb1 Qe8 21. Ne5 1/2-1/2

[Event "24th Klatovy B 2016"]
[Site "Klatovy CZE"]
[Date "2016.07.10"]
[Round "9.26"]
[White "Zak, Jiri1"]
[Black "Repa, Vaclav"]
[Result "1-0"]
[WhiteElo "1717"]
[BlackElo "1577"]
[PlyCount "87"]
[EventDate "2016.07.02"]
[EventType "swiss"]
[EventRounds "9"]
[EventCountry "CZE"]

1. d4 Nf6 2. c4 d6 3. Nc3 g6 4. Nf3 Bg7 5. g3 O-O 6. Bg2 c6 7. O-O Nbd7 8. e4 e5 9. d5 c5 10. Ne1 Nb6 11. Qb3 Nh5 12. Nd3 a6 13. Bf3 Bh3 14. Re1 Rb8 15. Bxh5 gxh5 16. f4 exf4 17. Nxf4 Bd4+ 18. Be3 Bg4 19. Kg2 Nd7 20. h3 Ne5 21. hxg4 Nxg4 22. Bxd4 cxd4 23. Nd1 h4 24. Rh1 hxg3 25. Qxg3 Kh8 26. Qh3 Ne3+ 27. Nxe3 Rg8+ 28. Ng4 Rg7 29. Kf3 Qg5 30. Rad1 Rbg8 31. Rhg1 f5 32. exf5 Qxf5 33. Rxd4 Rf8 34. Qh2 b5 35. b3 bxc4 36. bxc4 Re7 37. Qb2 h5 38. Re4+ Rg7 39. Nf2 Rf6 40. Rxg7 Kxg7 41. Ke2 Kh6 42. Qd2 h4 43. Ne6+ Kh5 44. Ng7+ 1-0

[Event "24th Klatovy B 2016"]
[Site "Klatovy CZE"]
[Date "2016.07.10"]
[Round "9.27"]
[White "Severin, Lubos"]
[Black "Schille, Steffen"]
[Result "1-0"]
[WhiteElo "1694"]
[BlackElo "1566"]
[PlyCount "73"]
[EventDate "2016.07.02"]
[EventType "swiss"]
[EventRounds "9"]
[EventCountry "CZE"]

1. e4 c5 2. Nc3 a6 3. a4 e6 4. Bc4 Nc6 5. f4 Bd6 6. d3 Bc7 7. Nf3 Nge7 8. O-O d5 9. Bb3 O-O 10. Qe1 c4 11. dxc4 Bb6+ 12. Kh1 d4 13. Nd1 Bc5 14. Nh4 Ng6 15. g3 Nxh4 16. gxh4 Be7 17. h5 Bh4 18. Qe2 f5 19. c5 Qf6 20. Nf2 fxe4 21. Nxe4 Qf5 22. Nd6 Qxc5 23. Bxe6+ Kh8 24. Nxc8 Raxc8 25. Bxc8 Rxc8 26. f5 Nb4 27. h6 Qc6+ 28. Qf3 Qxf3+ 29. Rxf3 Rxc2 30. Bf4 d3 31. Rg1 d2 32. Re3 Kg8 33. Rxg7+ Kf8 34. Bd6+ Be7 35. Bxe7+ Ke8 36. Bxb4+ Kd8 37. Ba5+ 1-0

[Event "24th Klatovy B 2016"]
[Site "Klatovy CZE"]
[Date "2016.07.10"]
[Round "9.28"]
[White "Svec, Vitezslav"]
[Black "Svejdar, Pavel"]
[Result "0-1"]
[WhiteElo "1687"]
[BlackElo "1544"]
[PlyCount "74"]
[EventDate "2016.07.02"]
[EventType "swiss"]
[EventRounds "9"]
[EventCountry "CZE"]

1. d4 d5 2. Bf4 Nf6 3. e3 e6 4. Nf3 Be7 5. Bd3 Nc6 6. Nbd2 h6 7. Ne5 Bd7 8. Ndf3 a6 9. O-O Bd6 10. c4 Nh5 11. Nxc6 Bxc6 12. Bxd6 cxd6 13. cxd5 Bxd5 14. e4 Bc6 15. Re1 O-O 16. b4 Nf6 17. Qb3 Qb6 18. a4 Rfc8 19. Rac1 Bd7 20. b5 Rxc1 21. Rxc1 axb5 22. Rb1 Bc6 23. Qc2 b4 24. Qc4 Rxa4 25. d5 exd5 26. exd5 Nxd5 27. Bc2 Ra3 28. Bb3 Qc5 29. Nd2 b5 30. Qh4 Nc3 31. Re1 Qg5 32. Qxg5 hxg5 33. Re3 Bd5 34. Re8+ Kh7 35. Bc2+ g6 36. Rd8 Ra1+ 37. Nf1 Ne2+ 0-1

[Event "24th Klatovy B 2016"]
[Site "Klatovy CZE"]
[Date "2016.07.10"]
[Round "9.29"]
[White "Rosenbaumova, Lea"]
[Black "Stvan, Marek"]
[Result "0-1"]
[WhiteElo "1351"]
[BlackElo "1679"]
[PlyCount "146"]
[EventDate "2016.07.02"]
[EventType "swiss"]
[EventRounds "9"]
[EventCountry "CZE"]

1. e4 c5 2. c3 d6 3. d4 cxd4 4. cxd4 Nc6 5. Nc3 g6 6. Bb5 Bd7 7. f4 a6 8. Ba4 b5 9. Bc2 Bg7 10. Be3 Qb6 11. Nge2 e5 12. Nd5 Qa7 13. dxe5 Qb8 14. exd6 Qxd6 15. Nb6 Qxd1+ 16. Rxd1 Rd8 17. Nxd7 Rxd7 18. Rxd7 Kxd7 19. b3 Nge7 20. O-O Rc8 21. Rd1+ Ke8 22. Bb1 Nb4 23. Rc1 Rd8 24. a3 Nbc6 25. a4 bxa4 26. bxa4 a5 27. Kf2 Bb2 28. Rc2 Ba3 29. Nc3 Bb4 30. Nb5 Rd1 31. Rc1 Rxc1 32. Bxc1 Kd7 33. Be3 Nc8 34. Ba2 f6 35. Bg8 h6 36. h4 N8e7 37. Bc4 Nc8 38. f5 g5 39. hxg5 hxg5 40. Be6+ Kd8 41. Bc4 Ne5 42. Be2 Ne7 43. Bb6+ Kd7 44. Nd4 Kd6 45. Bd8 Kd7 46. Bb6 Kd6 47. Bd8 Bc5 48. Bxa5 Bxd4+ 49. Ke1 N7c6 50. Bd2 Bb6 51. Bc3 Ba5 52. Kd2 Bxc3+ 53. Kxc3 Kc5 54. Bb5 Na5 55. Be2 Nac4 56. g3 Nd6 57. Bd3 Nxd3 58. Kxd3 Nc4 59. Kc3 Ne3 60. Kd3 Ng4 61. Kc3 Ne5 62. a5 Kb5 63. Kd4 Kxa5 64. Kd5 Kb5 65. Ke6 Ng4 66. Kd5 Kb6 67. Ke6 Kb5 68. Kd5 Kb4 69. Kd4 Kb3 70. Kd3 Ne5+ 71. Kd4 Kc2 72. Ke3 Kc3 73. Ke2 Kd4 0-1

[Event "24th Klatovy B 2016"]
[Site "Klatovy CZE"]
[Date "2016.07.10"]
[Round "9.30"]
[White "Kotal, Petr"]
[Black "Stankova, Zuzana 1986"]
[Result "0-1"]
[WhiteElo "1558"]
[BlackElo "1673"]
[PlyCount "42"]
[EventDate "2016.07.02"]
[EventType "swiss"]
[EventRounds "9"]
[EventCountry "CZE"]

1. d4 Nf6 2. Bg5 e6 3. Nf3 c5 4. Bxf6 Qxf6 5. e3 Nc6 6. c3 b6 7. Nbd2 d5 8. Bb5 Bd7 9. Qa4 Rc8 10. Bxc6 Bxc6 11. Qxa7 Qd8 12. Ne5 Be7 13. Ndf3 Bb5 14. dxc5 bxc5 15. Rd1 O-O 16. b4 cxb4 17. Nd4 Bc5 18. Ndc6 Bxa7 19. Nxd8 Ba4 20. Nb7 Bxd1 21. Kxd1 bxc3 0-1

[Event "24th Klatovy B 2016"]
[Site "Klatovy CZE"]
[Date "2016.07.10"]
[Round "9.31"]
[White "Svec, Ludek"]
[Black "Kresl, Filip"]
[Result "1-0"]
[WhiteElo "1654"]
[BlackElo "1365"]
[PlyCount "29"]
[EventDate "2016.07.02"]
[EventType "swiss"]
[EventRounds "9"]
[EventCountry "CZE"]

1. d4 d5 2. Nf3 Nf6 3. g3 e6 4. Bg2 c5 5. c4 Nc6 6. O-O Be7 7. dxc5 Bxc5 8. cxd5 Nxd5 9. Qc2 Qb6 10. Nc3 Nf6 11. Na4 Bxf2+ 12. Rxf2 Qb5 13. b3 Bd7 14. Rf1 Nb4 15. Qc5 1-0

[Event "24th Klatovy B 2016"]
[Site "Klatovy CZE"]
[Date "2016.07.10"]
[Round "9.32"]
[White "Lener, Jaroslav 1975"]
[Black "Vavrinkova, Anna"]
[Result "1-0"]
[WhiteElo "1820"]
[BlackElo "1364"]
[PlyCount "39"]
[EventDate "2016.07.02"]
[EventType "swiss"]
[EventRounds "9"]
[EventCountry "CZE"]

1. Nf3 d5 2. g3 Nf6 3. Bg2 g6 4. d4 Bg7 5. O-O O-O 6. Nc3 a6 7. Ne5 c6 8. Bd2 Nbd7 9. Nd3 Qb6 10. e3 e6 11. b3 Qa7 12. Na4 Re8 13. Rb1 e5 14. dxe5 Nxe5 15. Nxe5 Rxe5 16. Bc3 Re7 17. Bd4 Qb8 18. Nb6 Ra7 19. Nxc8 Qxc8 20. Bxa7 1-0

[Event "24th Klatovy B 2016"]
[Site "Klatovy CZE"]
[Date "2016.07.10"]
[Round "9.33"]
[White "Stross, Frantisek 1952"]
[Black "Peterek, Zbynek"]
[Result "1-0"]
[WhiteElo "1652"]
[BlackElo "1314"]
[PlyCount "117"]
[EventDate "2016.07.02"]
[EventType "swiss"]
[EventRounds "9"]
[EventCountry "CZE"]

1. e4 Nc6 2. Nf3 e5 3. Bc4 Bc5 4. Nc3 Nf6 5. d3 d6 6. h3 O-O 7. Bg5 h6 8. Bh4 Nd4 9. Nd5 Be6 10. Nxf6+ gxf6 11. Bb3 Bxb3 12. axb3 Kh7 13. c3 Ne6 14. d4 exd4 15. cxd4 Bb4+ 16. Kf1 Ng5 17. Qd3 Kg7 18. Nd2 Bxd2 19. Qxd2 Rg8 20. f3 c5 21. d5 Qb6 22. Qc3 Qb5+ 23. Kg1 Qb4 24. Qd3 Qd4+ 25. Qxd4 cxd4 26. Kh2 Rgc8 27. Rac1 Rc5 28. b4 Rxc1 29. Rxc1 d3 30. Be1 Kf8 31. Bc3 Ke7 32. Rd1 b6 33. Rxd3 a5 34. h4 axb4 35. Bxb4 Nh7 36. Rc3 b5 37. Rc7+ Kd8 38. Rxf7 Ra4 39. Bxd6 Ra6 40. Bc5 Ra2 41. Bd4 Ng5 42. hxg5 hxg5 43. Rxf6 Ke8 44. Rg6 b4 45. Rxg5 b3 46. e5 Ra1 47. d6 Kf7 48. f4 Rb1 49. f5 Rd1 50. Bc3 Rc1 51. Rg3 Rd1 52. Bb4 Rb1 53. Rxb3 Ke8 54. e6 Rf1 55. Rf3 Rd1 56. Rh3 Kf8 57. d7+ Kg7 58. Bc3+ Kg8 59. e7 1-0

[Event "24th Klatovy B 2016"]
[Site "Klatovy CZE"]
[Date "2016.07.10"]
[Round "9.34"]
[White "Mikes, Vlastislav 1983"]
[Black "Kudrna, Miroslav"]
[Result "1-0"]
[WhiteElo "1472"]
[BlackElo "1580"]
[PlyCount "79"]
[EventDate "2016.07.02"]
[EventType "swiss"]
[EventRounds "9"]
[EventCountry "CZE"]

1. d4 e6 2. c4 d5 3. Nf3 Nf6 4. a3 c5 5. Nc3 cxd4 6. Nxd4 Bc5 7. e3 Bxd4 8. Qxd4 Nc6 9. Qd1 O-O 10. Be2 dxc4 11. Qxd8 Rxd8 12. O-O Ne5 13. f4 Nc6 14. Bxc4 a6 15. b4 b5 16. Be2 Ne7 17. Bf3 Ra7 18. e4 Rad7 19. Be3 Rd3 20. Rfd1 Bb7 21. e5 Rxd1+ 22. Rxd1 Rxd1+ 23. Nxd1 Nfd5 24. Bc5 Kf8 25. Nc3 Ke8 26. Ne4 Nc8 27. f5 Nf4 28. Nf6+ gxf6 29. Bxb7 Ne7 30. exf6 Nxf5 31. Bxa6 Nd4 32. a4 Kd7 33. axb5 Nb3 34. b6 Nxc5 35. bxc5 Kc6 36. Bb5+ Kb7 37. Be8 Nd5 38. Bxf7 Nxf6 39. Bxe6 Ne4 40. Bd5+ 1-0

[Event "24th Klatovy B 2016"]
[Site "Klatovy CZE"]
[Date "2016.07.10"]
[Round "9.35"]
[White "Palla, Ivan"]
[Black "Kotal, Vit"]
[Result "1/2-1/2"]
[WhiteElo "1536"]
[BlackElo "1292"]
[PlyCount "48"]
[EventDate "2016.07.02"]
[EventType "swiss"]
[EventRounds "9"]
[EventCountry "CZE"]

1. Nf3 d5 2. c4 dxc4 3. Na3 Nf6 4. Nxc4 Nc6 5. d3 Bg4 6. Nfe5 e6 7. Nxc6 bxc6 8. Qa4 Qd5 9. Ne3 Qb5 10. Qxb5 cxb5 11. Bd2 Bd6 12. a3 O-O 13. Nxg4 Nxg4 14. g3 c5 15. Bg2 Rab8 16. O-O Nf6 17. Rfc1 Nd5 18. e4 Nb6 19. b3 Rfc8 20. Ba5 Be7 21. f4 c4 22. Bxb6 Rxb6 23. Bf1 Bc5+ 24. Kg2 Bd4 1/2-1/2

[Event "24th Klatovy B 2016"]
[Site "Klatovy CZE"]
[Date "2016.07.10"]
[Round "9.36"]
[White "Kovar, Michal"]
[Black "Kadlec, Rudolf"]
[Result "1/2-1/2"]
[WhiteElo "1479"]
[BlackElo "1397"]
[PlyCount "56"]
[EventDate "2016.07.02"]
[EventType "swiss"]
[EventRounds "9"]
[EventCountry "CZE"]

1. e4 d5 2. exd5 Nf6 3. d4 Nxd5 4. c4 Nf6 5. Nc3 Bf5 6. h3 h6 7. Nf3 e6 8. Qb3 Qc8 9. d5 Bd6 10. Nd4 c6 11. Nxf5 exf5 12. Bd3 b6 13. O-O O-O 14. Qc2 cxd5 15. Bxf5 Qxc4 16. Rd1 Nc6 17. Nxd5 Qxc2 18. Nxf6+ gxf6 19. Bxc2 Bc5 20. Bxh6 Rfe8 21. Ba4 Re6 22. Re1 Ne5 23. Bb3 Re7 24. Kf1 Rd8 25. Rad1 Red7 26. Ba4 Rxd1 27. Rxd1 Rxd1+ 28. Bxd1 Nd3 1/2-1/2

[Event "24th Klatovy B 2016"]
[Site "Klatovy CZE"]
[Date "2016.07.10"]
[Round "9.37"]
[White "Sedlak, Jakub"]
[Black "Gorbunov, Alexander 1998"]
[Result "1/2-1/2"]
[WhiteElo "1457"]
[BlackElo "1353"]
[PlyCount "35"]
[EventDate "2016.07.02"]
[EventType "swiss"]
[EventRounds "9"]
[EventCountry "CZE"]

1. e4 e5 2. Nf3 Nc6 3. d4 exd4 4. Nxd4 Qf6 5. Be3 Bc5 6. c3 Qg6 7. Qf3 Ne5 8. Qf5 Qxf5 9. Nxf5 Bxe3 10. Nxe3 Ne7 11. Be2 O-O 12. O-O d6 13. Nd2 Be6 14. f4 N5c6 15. f5 Bd7 16. f6 gxf6 17. Rxf6 Ng6 18. Raf1 1/2-1/2

[Event "24th Klatovy B 2016"]
[Site "Klatovy CZE"]
[Date "2016.07.10"]
[Round "9.38"]
[White "Vasko, Pavel"]
[Black "Severin, Alois"]
[Result "1-0"]
[WhiteElo "1619"]
[BlackElo "1240"]
[PlyCount "73"]
[EventDate "2016.07.02"]
[EventType "swiss"]
[EventRounds "9"]
[EventCountry "CZE"]

1. e4 d5 2. exd5 Qxd5 3. Nc3 Qe6+ 4. Be2 Bd7 5. Nf3 g6 6. d3 Bg7 7. Bd2 Bc6 8. O-O Bf6 9. Rb1 Nd7 10. Ng5 Bxg5 11. Bxg5 Ngf6 12. Bh6 Ne5 13. h3 Ng8 14. Bg7 Nf6 15. d4 Ned7 16. Bxh8 O-O-O 17. Bxf6 Qxf6 18. Bc4 Qg5 19. f3 e6 20. Rf2 Nf6 21. Ne2 Nh5 22. c3 a6 23. Qc1 Qxc1+ 24. Rxc1 b5 25. Bd3 g5 26. f4 h6 27. fxg5 hxg5 28. Rxf7 Bd5 29. c4 bxc4 30. Bxc4 Bxc4 31. Rxc4 Rd7 32. Rf8+ Rd8 33. Rxd8+ Kxd8 34. Ra4 Kd7 35. Rxa6 Nf4 36. Nxf4 gxf4 37. h4 1-0

[Event "24th Klatovy B 2016"]
[Site "Klatovy CZE"]
[Date "2016.07.10"]
[Round "9.39"]
[White "Sedlacek, Pavel"]
[Black "Tomascik, Petr"]
[Result "1-0"]
[WhiteElo "1612"]
[BlackElo "1484"]
[PlyCount "73"]
[EventDate "2016.07.02"]
[EventType "swiss"]
[EventRounds "9"]
[EventCountry "CZE"]

1. c4 e6 2. Nc3 Nf6 3. d4 d5 4. e3 b6 5. cxd5 Nxd5 6. Bb5+ Bd7 7. Bxd7+ Qxd7 8. Nge2 Qc6 9. O-O Nf6 10. Ng3 Bd6 11. Qa4 Bxg3 12. hxg3 Qxa4 13. Nxa4 Nbd7 14. f3 O-O-O 15. e4 h6 16. Be3 Kb7 17. Rac1 g5 18. b4 Nh5 19. Kf2 f5 20. Nc3 f4 21. gxf4 gxf4 22. Bd2 Ndf6 23. Ne2 c6 24. Rfd1 Rd7 25. Bxf4 Nxf4 26. Nxf4 Re8 27. a4 a6 28. Ke3 Rh7 29. Rc2 e5 30. dxe5 Rxe5 31. Rd6 Nd5+ 32. Nxd5 cxd5 33. Rxd5 Rxd5 34. exd5 Rc7 35. Rxc7+ Kxc7 36. Ke4 Kd6 37. Kd4 1-0

[Event "24th Klatovy B 2016"]
[Site "Klatovy CZE"]
[Date "2016.07.10"]
[Round "9.40"]
[White "Kopal, Vladimir"]
[Black "Filip, Petr 1952"]
[Result "1-0"]
[WhiteElo "1550"]
[BlackElo "1353"]
[PlyCount "105"]
[EventDate "2016.07.02"]
[EventType "swiss"]
[EventRounds "9"]
[EventCountry "CZE"]

1. e4 e5 2. Nf3 Nc6 3. Bc4 Nf6 4. Nc3 Bc5 5. h3 O-O 6. d3 h6 7. a3 a6 8. Bd2 d6 9. Qc1 Nh5 10. Bxh6 Nf4 11. Bxf4 exf4 12. Qxf4 Be6 13. Ng5 Qf6 14. Qxf6 gxf6 15. Nxe6 fxe6 16. Bxe6+ Kg7 17. f3 Nd4 18. Bb3 Nxb3 19. cxb3 c6 20. O-O-O f5 21. d4 Ba7 22. Rhe1 f4 23. b4 b5 24. d5 c5 25. bxc5 Bxc5 26. Kb1 Rae8 27. Rc1 Kh6 28. b4 Be3 29. Rc2 Rc8 30. Ree2 Bd4 31. Nd1 Kh5 32. Rc6 Be5 33. Rec2 Ra8 34. Nf2 Rf6 35. Ng4 Kg5 36. Nxe5 dxe5 37. Rxf6 Kxf6 38. Rc6+ Kg5 39. d6 a5 40. d7 Rd8 41. Rd6 axb4 42. axb4 Kh4 43. Kc2 Kg3 44. Rd2 Kh4 45. Kd1 Kg3 46. Ke1 Kh4 47. Kf2 Kg5 48. Rd6 Kh4 49. Rh6+ Kg5 50. Rd6 Kh4 51. Rd5 Kg5 52. Rxe5+ Kh4 53. Rd5 1-0